Beberapa etos pembangunan negara . speeches of Tan Sri Dato' Seri Ahmad Sarji Bin Abdul Hamid, Chief Secretary to the Government, Malaysia

Bibliographic Details
Main Author: AHMAD Sarji bin Abdul Hamid 1938-
Corporate Author: Institut Tadbiran Awam Negara (INTAN)
Format: Book
Published: Kuala Lumpur : Institut Tadbiran Awam Negara , 1993
Subjects:

MARC

LEADER 00000cam a2200000 7i4500
001 0000000478
005 20010618.0
020 0 0 |a 9679933180 
090 0 0 |a 338.9595   |b AHM 1993 
100 0 0 |a AHMAD Sarji bin Abdul Hamid   |f Tan Sri Dato' Seri   |c 1938- 
245 1 0 |a Beberapa etos pembangunan negara .   |l Nation building ethos :   |b speeches of Tan Sri Dato' Seri Ahmad Sarji Bin Abdul Hamid, Chief Secretary to the Government, Malaysia 
260 0 0 |a Kuala Lumpur :   |b Institut Tadbiran Awam Negara ,   |c 1993 
300 |a xvi, 225 p. ;   |c 21 cm. 
500 0 0 |a Includes index 
650 0 0 |a Economic development 
650 0 0 |a Economics   |x Speeches, addresses, etc. 
651 0 0 |a Malaysia   |x Economic conditions 
651 0 0 |a Malaysia   |x Social conditions 
710 1 1 |a Institut Tadbiran Awam Negara (INTAN) 
745 0 0 |a Nation building ethos 
998 |a JPSM 
999 |a 0000001606   |b Monograph   |c Open Shelf   |e Default branch